000 01744nam a22002657a 4500
005 20250808162444.0
008 241126b ||||| |||| 00| 0 eng d
020 _a9788193465592
040 _cAL
041 _aEnglish
082 _223
_a620.8
_bKUMB
100 _aPranav Kumar and others
_9234747
245 _aBiotechnology: A problem approach
250 _a6
260 _aNew Delhi
_bPathfinder Publication
_c20245
300 _a1070 p.
_bPB
_c28x21 cm.
365 _aIN-2113
_b₹600.00
_c
_d₹750.00
_e0%
_f14-11-2024
520 _aBiotechnology – A Problem Approach is a comprehensive textbook that covers fundamental concepts, methodologies, and applications in biotechnology. This book offers a well-rounded introduction to key areas of the subject, including Biomolecules and Catalysis, Bioenergetics and Metabolism, Cell Structure and Functions, Immunology, Genetics, Bioinformatics, and Bioprocess Engineering. The chapters are thoughtfully selected to provide a focused yet comprehensive overview without overwhelming readers with excessive detail. The content is enhanced with clear explanations supported by flow charts, figures, and tables, facilitating easy and compelling learning. Self-tests and questions at the end of each chapter help readers assess their understanding and reinforce key concepts. Designed for BSc and MSc Biotechnology students, as well as those preparing for GATE Biotechnology and DBT-JRF exams, this book serves as a valuable resource for a deep understanding of biotechnology principles.
650 _aBiotechnology
_9186563
650 _aRevised and updated
_9186564
650 _aed 6
_9186565
700 _aVerma, Praveen
_9186567
700 _aMina, Usha
_9186568
942 _2ddc
_cBK
999 _c231999
_d231999